Fundamentals of Data Structures in C / (Record no. 78001)

MARC details
000 -LEADER
fixed length control field 00616nam a2200229Ia 4500
008 - FIXED-LENGTH DATA ELEMENTS--GENERAL INFORMATION
fixed length control field 220922s9999||||xx |||||||||||||| ||und||
020 ## - INTERNATIONAL STANDARD BOOK NUMBER
International Standard Book Number 9790000000000
040 ## - CATALOGING SOURCE
Transcribing agency SFLIB
041 ## - LANGUAGE CODE
Language code of text/sound track or separate title English
082 ## - DEWEY DECIMAL CLASSIFICATION NUMBER
Classification number COM-APLS
Item number 34
100 ## - MAIN ENTRY--PERSONAL NAME
Personal name Sartaj Sahni
100 ## - MAIN ENTRY--PERSONAL NAME
Personal name Susan Anderson-Freed
100 ## - MAIN ENTRY--PERSONAL NAME
Personal name Ellis Horowitz
245 #0 - TITLE STATEMENT
Title Fundamentals of Data Structures in C /
Statement of responsibility, etc. by Ellis Horowitz , Sartaj Sahni , Susan Anderson-Freed
250 ## - EDITION STATEMENT
Edition statement 2nd ed.
260 ## - PUBLICATION, DISTRIBUTION, ETC.
Place of publication, distribution, etc. Hydrabad :
Name of publisher, distributor, etc. Universities Press,
Date of publication, distribution, etc. 2008
300 ## - PHYSICAL DESCRIPTION
Extent 617 p.
650 ## - SUBJECT ADDED ENTRY--TOPICAL TERM
Topical term or geographic name entry element c
650 ## - SUBJECT ADDED ENTRY--TOPICAL TERM
Topical term or geographic name entry element data structures
650 ## - SUBJECT ADDED ENTRY--TOPICAL TERM
Topical term or geographic name entry element ds c
942 ## - ADDED ENTRY ELEMENTS (KOHA)
Koha item type SF Library Books
Holdings
Withdrawn status Lost status Damaged status Collection code Not for loan Home library Current library Shelving location Date acquired Cost, normal purchase price Total Checkouts Full call number Barcode Date last seen Price effective from Koha item type
      Computer Applications   Z - SF LIBRARY@STCP Z - SF LIBRARY@STCP Shelf 1 - Rack 1 2022-09-24 495.00   COM-APLS 34 SF1033 2022-09-24 2022-09-24 SF Library Books
Rights reserved ©2021 ST. THOMAS COLLEGE LIBRARY
A joint venture of - St. Thomas College Library and
Department of Computer Science, St. Thomas Collge Palai